Pracovné právo
Saved in:
| Main Author: | |
|---|---|
| Other Authors: | |
| Format: | Book |
| Language: | Slovak |
| Published: |
Bratislava
Sprint vfra
2006
|
| Edition: | [3. vyd.] |
| Subjects: | |
| Tags: |
No Tags, Be the first to tag this record!
|
MARC
| LEADER | 00000nam$a2200000$$$4500 | ||
|---|---|---|---|
| 001 | 0042257 | ||
| 005 | 20221207101241.7 | ||
| 020 | |a 80-89085-52-0 | ||
| 041 | 0 | |a slo | |
| 044 | |a SK | ||
| 245 | 1 | 0 | |a Pracovné právo |c Helena Barancová, Robert Schronk |
| 250 | |a [3. vyd.] | ||
| 264 | 1 | |a Bratislava |b Sprint vfra |c 2006 | |
| 300 | |a 781 s. | ||
| 610 | 2 | 0 | |a právo pracovné |
| 610 | 2 | 0 | |a predpisy pracovnoprávne |
| 610 | 2 | 0 | |a zákony |
| 610 | 2 | 0 | |a právo medzinárodné |
| 610 | 2 | 0 | |a vzťahy pracovnoprávne |
| 610 | 2 | 0 | |a zamestnávatelia |
| 610 | 2 | 0 | |a zamestnanci |
| 610 | 2 | 0 | |a práva pracovníkov |
| 610 | 2 | 0 | |a zamestnanosť |
| 610 | 2 | 0 | |a zamestnávanie cudzincov |
| 610 | 2 | 0 | |a záväzky pracovné |
| 610 | 2 | 0 | |a pomer pracovný |
| 610 | 2 | 0 | |a disciplína pracovná |
| 610 | 2 | 0 | |a čas pracovný |
| 610 | 2 | 0 | |a dovolenka |
| 610 | 2 | 0 | |a mzdy |
| 610 | 2 | 0 | |a ochrana zdravia |
| 610 | 2 | 0 | |a politika sociálna podniková |
| 610 | 2 | 0 | |a odmeňovanie |
| 610 | 2 | 0 | |a podmienky pracovné |
| 610 | 2 | 0 | |a podmienky pracovné sťažené |
| 610 | 2 | 0 | |a zodpovednosť za škody |
| 610 | 2 | 0 | |a dohody o vykonaní práce |
| 610 | 2 | 0 | |a vyjednávanie kolektívne |
| 610 | 2 | 0 | |a štrajky |
| 610 | 2 | 0 | |a Slovensko |
| 100 | 1 | |a Barancová, Helena | |
| 700 | 1 | |a Schronk, Robert | |